| 000 | 00670nam a2200217 a 4500 | ||
|---|---|---|---|
| 001 | 50432 | ||
| 003 | Mx-PuUPA | ||
| 005 | 20260217150839.0 | ||
| 008 | 140415s2000 sp 000 0 spa d | ||
| 020 | _a8471149214 | ||
| 040 | _cMx-PuUPA | ||
| 041 | _aspa | ||
| 082 |
_a631.587 _bFER |
||
| 245 | 0 | 0 |
_aFERTIRRIGACION : _bCULTIVOS HORTICOLAS Y ORNAMENTALES |
| 250 | _a2a ed. | ||
| 260 |
_aESPAÑA : _bEDICIONES MUNDI-PRENSA, _c2000 |
||
| 300 |
_a692 _c17.5 x 2.5 x 24.7 |
||
| 650 | 1 | 4 |
_aINVERNADEROS _xRIEGO _xAGUA DE RIEGO |
| 942 |
_2ddc _cLI |
||
| 999 |
_c50432 _d50432 |
||